[Event "EU-Cup 27th"]
[Site "Rogaska Slatina"]
[Date "2011.09.26"]
[Round "2"]
[White "Greenfeld, Alon"]
[Black "Goldstern, Filip Daniel"]
[Result "1-0"]
[WhiteElo "2573"]
[BlackElo "2319"]
[PlyCount "71"]
[EventDate "2011.09.25"]
[EventType "team-swiss"]
[EventRounds "7"]
[EventCountry "SLO"]
[SourceTitle "CBM 145"]
[Source "ChessBase"]
[SourceDate "2011.11.11"]
[SourceVersion "1"]
[SourceVersionDate "2011.11.11"]
[SourceQuality "1"]
[WhiteTeam "Beer Sheva"]
[BlackTeam "Zuerich"]
[WhiteTeamCountry "ISR"]
[BlackTeamCountry "SUI"]

1. Nf3 e6 2. g3 b5 3. e4 Bb7 4. d3 Nf6 5. Bg2 d5 6. e5 Nfd7 7. 0-0 Be7 8. Re1 c5 9. h4 Nc6 10. Bf4 h6 11. h5 g5 12. hxg6 fxg6 13. Nc3 a6 14. d4 g5 15. Be3 c4 16. b3 Qa5 17. Bd2 b4 18. Na4 c3 19. Be3 Qc7 20. a3 a5 21. axb4 axb4 22. Bh3 Nd8 23. Nh4 Nf8 24. Qh5+ Kd7 25. Ng6 Nxg6 26. Qxg6 Ra5 27. Nc5+ Rxc5 28. dxc5 d4 29. Red1 Qc6 30. Rxd4+ Kc8 31. Kh2 h5 32. Rxb4 g4 33. Rb6 Qf3 34. c6 Bxc6 35. Rxc6+ Qxc6 36. Bg2 1-0

[Event "Dieren op"]
[Site "Dieren"]
[Date "2008.07.25"]
[Round "4"]
[White "Ten Hagen, Yorick"]
[Black "Goldstern, Filip Daniel"]
[Result "0-1"]
[WhiteElo "2152"]
[BlackElo "2370"]
[PlyCount "78"]
[EventDate "2008.07.22"]
[EventType "swiss"]
[EventRounds "9"]
[EventCountry "NED"]
[SourceTitle "CBM 125 Extra"]
[Source "ChessBase"]
[SourceDate "2008.09.01"]
[SourceVersion "1"]
[SourceVersionDate "2008.09.01"]
[SourceQuality "1"]

1. e4 d5 2. exd5 Qxd5 3. Nc3 Qa5 4. d4 c6 5. Nf3 Nf6 6. Bd2 Bg4 7. Bc4 e6 8. Qe2 Bb4 9. h3 Qh5 10. 0-0-0 Bxf3 11. gxf3 Nbd7 12. Rhg1 0-0 13. Rg5 Qxh3 14. Rdg1 g6 15. Qd1 Qh4 16. Be3 Qh2 17. f4 Qh6 18. f5 exf5 19. Rxg6+ Qxg6 20. Rxg6+ hxg6 21. Qg1 Kg7 22. Ne2 Rh8 23. c3 Bd6 24. Ng3 Kf8 25. Bg5 Re8 26. a3 Ne4 27. Nxe4 Rxe4 28. f3 Re8 29. d5 Nb6 30. Bf6 Rh2 31. Bd3 Nxd5 32. Bd4 Nf4 33. Bc4 Ne2+ 34. Bxe2 Rexe2 35. Be3 Rc2+ 36. Kd1 Rxb2 37. Bc1 Ra2 38. c4 b6 39. c5 Bxc5 0-1

[Event "SUI-chT"]
[Site "Switzerland"]
[Date "2008.05.25"]
[Round "4.6"]
[White "Goldstern, Filip Daniel"]
[Black "Moor, Roger"]
[Result "1/2-1/2"]
[WhiteElo "2364"]
[BlackElo "2362"]
[PlyCount "149"]
[EventDate "2008.03.02"]
[EventType "team-tourn"]
[EventRounds "9"]
[EventCountry "SUI"]
[SourceTitle "EXT 2009"]
[Source "ChessBase"]
[SourceDate "2008.11.26"]
[SourceVersion "1"]
[SourceVersionDate "2008.11.26"]
[SourceQuality "1"]
[WhiteTeam "Zuerich"]
[BlackTeam "Wollishofen"]
[WhiteTeamCountry "SUI"]
[BlackTeamCountry "SUI"]

1. Nf3 Nf6 2. c4 g6 3. Nc3 Bg7 4. d4 d5 5. Bg5 Ne4 6. cxd5 Nxg5 7. Nxg5 e6 8. Nf3 exd5 9. e3 a5 10. Rc1 0-0 11. Na4 Re8 12. Be2 Bf8 13. 0-0 Nd7 14. Ne1 Bd6 15. Bf3 Nf6 16. Nd3 Bf5 17. Nac5 Rb8 18. g3 h5 19. Nf4 c6 20. Re1 Re7 21. Bg2 Qb6 22. Na4 Qd8 23. Nc5 Qf8 24. f3 Rbe8 25. Qd2 g5 26. Nfd3 Qg7 27. Nf2 Nd7 28. e4 dxe4 29. fxe4 Bg6 30. Nxd7 Rxd7 31. Qxg5 Bb4 32. Re2 Rxd4 33. a3 Re5 34. Qf4 Bd6 35. Qe3 Bc5 36. Qb3 Rd7 37. Kh1 Bxf2 38. Rxf2 Bxe4 39. Bxe4 Rxe4 40. Qf3 Re5 41. Rc4 Qg6 42. Qf4 Qe6 43. Kg2 Kg7 44. Rc3 Re2 45. Rcf3 Rxf2+ 46. Rxf2 Rd5 47. Qc7 Qe4+ 48. Kh3 Rf5 49. Rxf5 Qxf5+ 50. Kg2 Qc2+ 51. Kh3 Qxb2 52. Qxa5 b5 53. Qc7 Qf6 54. Kg2 Qe6 55. Qb6 Kg6 56. Qc7 Qd5+ 57. Kf2 c5 58. Qb6+ Kg5 59. Qxb5 Qa2+ 60. Kg1 Qxa3 61. Qc4 Qe3+ 62. Kg2 Kf6 63. Qh4+ Kg6 64. Qc4 Qd4 65. Qa6+ Kg7 66. Qb6 Qe4+ 67. Kf2 c4 68. Qc5 Kg6 69. Qf8 Qc2+ 70. Kf3 Qd3+ 71. Kf4 Qd4+ 72. Kf3 c3 73. Qg8+ Qg7 74. Qc8 c2 75. Qxc2+ 1/2-1/2

[Event "SUI-chT"]
[Site "Switzerland"]
[Date "2007.09.30"]
[Round "9.7"]
[White "Weindl, Alfred"]
[Black "Goldstern, Filip Daniel"]
[Result "0-1"]
[WhiteElo "2355"]
[BlackElo "2384"]
[PlyCount "92"]
[EventDate "2007.02.25"]
[EventType "team-tourn"]
[EventRounds "9"]
[EventCountry "SUI"]
[SourceTitle "EXT 2008"]
[Source "ChessBase"]
[SourceDate "2007.11.25"]
[SourceVersion "1"]
[SourceVersionDate "2007.11.25"]
[SourceQuality "1"]
[WhiteTeam "Reichenstein"]
[BlackTeam "Zuerich"]
[WhiteTeamCountry "SUI"]
[BlackTeamCountry "SUI"]

1. Nf3 Nf6 2. g3 b6 3. Bg2 Bb7 4. 0-0 e6 5. d3 d5 6. Nbd2 Be7 7. e4 c5 8. Re1 Nc6 9. e5 Nd7 10. h4 Qc7 11. Qe2 h6 12. h5 0-0-0 13. c4 Nb4 14. cxd5 exd5 15. Nf1 Nf8 16. a3 Nc6 17. b4 cxb4 18. axb4 Bxb4 19. Bd2 Bxd2 20. Qxd2 Ne6 21. Ne3 Kb8 22. Nf5 d4 23. Nd6 Rxd6 24. exd6 Qxd6 25. Reb1 Nc5 26. Qa2 Qc7 27. Rb5 a6 28. Rbb1 Rd8 29. Qc4 Ka7 30. Rb2 Rd6 31. Rba2 a5 32. Ra3 Ba6 33. Qc2 Bxd3 34. Qd2 Ba6 35. Rc1 d3 36. Qc3 f6 37. Nd2 Nd4 38. Qa1 Nc2 39. Qb2 Nxa3 40. Qxa3 Rd4 41. Qa2 a4 42. Qa1 Qd7 43. Re1 Bb7 44. Bxb7 Kxb7 45. Re3 Nb3 46. Qa3 Qd6 0-1

[Event "SUI-chT"]
[Site "Switzerland"]
[Date "2007.09.02"]
[Round "7.5"]
[White "Goldstern, Filip Daniel"]
[Black "Flueckiger, Christian"]
[Result "1-0"]
[WhiteElo "2384"]
[BlackElo "2321"]
[PlyCount "91"]
[EventDate "2007.02.25"]
[EventType "team-tourn"]
[EventRounds "9"]
[EventCountry "SUI"]
[SourceTitle "EXT 2008"]
[Source "ChessBase"]
[SourceDate "2007.11.25"]
[SourceVersion "1"]
[SourceVersionDate "2007.11.25"]
[SourceQuality "1"]
[WhiteTeam "Zuerich"]
[BlackTeam "Riehen"]
[WhiteTeamCountry "SUI"]
[BlackTeamCountry "SUI"]

1. Nf3 d5 2. d4 e6 3. c4 c5 4. cxd5 exd5 5. Nc3 Nc6 6. g3 Nf6 7. Bg2 Be7 8. 0-0 0-0 9. dxc5 Bxc5 10. Bg5 d4 11. Ne4 Be7 12. Bxf6 Bxf6 13. Ne1 Re8 14. Nd3 Bg4 15. h3 Bf5 16. Nec5 Qc8 17. g4 Bxd3 18. exd3 Be7 19. Nxb7 Qxb7 20. Qa4 Rac8 21. Rac1 Qxb2 22. Rxc6 Qa3 23. Qxd4 Rxc6 24. Bxc6 Rd8 25. Qe4 Rxd3 26. Bd5 Bf8 27. Qf5 Rxd5 28. Qxd5 Qxh3 29. Qe4 h5 30. gxh5 Qxh5 31. Rb1 f5 32. Qd5+ Kh7 33. Rb3 Qg5+ 34. Rg3 Qf6 35. Rh3+ Kg6 36. Kg2 Bd6 37. Re3 Qg5+ 38. Kf1 Bf4 39. Qe6+ Qf6 40. Qe8+ Kh7 41. Re6 Qg5 42. Qa8 Qg4 43. Qxa7 Bd2 44. Qa3 Qc4+ 45. Re2 g5 46. Qe7+ 1-0

[Event "SUI-chT"]
[Site "Switzerland"]
[Date "2007.06.24"]
[Round "5.4"]
[White "Goldstern, Filip Daniel"]
[Black "Kappeler, Kaspar"]
[Result "0-1"]
[WhiteElo "2384"]
[BlackElo "2220"]
[PlyCount "100"]
[EventDate "2007.02.25"]
[EventType "team-tourn"]
[EventRounds "9"]
[EventCountry "SUI"]
[SourceTitle "EXT 2008"]
[Source "ChessBase"]
[SourceDate "2007.11.25"]
[SourceVersion "1"]
[SourceVersionDate "2007.11.25"]
[SourceQuality "1"]
[WhiteTeam "Zuerich"]
[BlackTeam "Bern"]
[WhiteTeamCountry "SUI"]
[BlackTeamCountry "SUI"]

1. d4 Nf6 2. c4 d6 3. Nc3 g6 4. e4 Bg7 5. f3 0-0 6. Bg5 Nc6 7. Nge2 a6 8. Qd2 Rb8 9. d5 Na5 10. Nd4 c5 11. Nc2 Bd7 12. Na3 e6 13. Be2 Qb6 14. 0-0 h6 15. Be3 exd5 16. cxd5 Kh7 17. Rab1 Qd8 18. e5 Ne8 19. exd6 b5 20. Ne4 c4 21. Nc5 Nb7 22. Nxa6 Rc8 23. Nb4 Nexd6 24. Bd4 Bxd4+ 25. Qxd4 Re8 26. Rfe1 Nf5 27. Qf2 Nbd6 28. Nac2 Qf6 29. g4 Nh4 30. Nd4 h5 31. h3 Rxe2 32. Nxe2 Nxf3+ 33. Kg2 Nxe1+ 34. Rxe1 Qxf2+ 35. Kxf2 hxg4 36. hxg4 Bxg4 37. Nd4 Kg7 38. Re3 Rh8 39. Kg2 Kf6 40. Ra3 Ke5 41. Ndc6+ Kf4 42. Nd4 Ke4 43. Ndc2 Nf5 44. Ra7 Bf3+ 45. Kf2 g5 46. Ne3 Nxe3 47. Re7+ Kf4 48. Rxf7+ Nf5 49. Rxf5+ Kxf5 50. Kxf3 Rh2 0-1